<?xml version="1.0" encoding="UTF-8"?><?xml-stylesheet type="text/xsl" href="static/style.xsl"?><OAI-PMH xmlns="http://www.openarchives.org/OAI/2.0/" xmlns:xsi="http://www.w3.org/2001/XMLSchema-instance" xsi:schemaLocation="http://www.openarchives.org/OAI/2.0/ http://www.openarchives.org/OAI/2.0/OAI-PMH.xsd"><responseDate>2026-04-17T01:09:37Z</responseDate><request verb="GetRecord" identifier="oai:www.recercat.cat:2117/331363" metadataPrefix="marc">https://recercat.cat/oai/request</request><GetRecord><record><header><identifier>oai:recercat.cat:2117/331363</identifier><datestamp>2026-01-15T02:21:25Z</datestamp><setSpec>com_2072_1033</setSpec><setSpec>col_2072_452949</setSpec></header><metadata><record xmlns="http://www.loc.gov/MARC21/slim" xmlns:dcterms="http://purl.org/dc/terms/" xmlns:xsi="http://www.w3.org/2001/XMLSchema-instance" xmlns:doc="http://www.lyncode.com/xoai" xsi:schemaLocation="http://www.loc.gov/MARC21/slim http://www.loc.gov/standards/marcxml/schema/MARC21slim.xsd">
   <leader>00925njm 22002777a 4500</leader>
   <datafield ind2=" " ind1=" " tag="042">
      <subfield code="a">dc</subfield>
   </datafield>
   <datafield ind2=" " ind1=" " tag="720">
      <subfield code="a">Castellano-Pulido, Francisco Javier</subfield>
      <subfield code="e">author</subfield>
   </datafield>
   <datafield ind2=" " ind1=" " tag="720">
      <subfield code="a">Gavilanes Vélaz de Medrano, Juan</subfield>
      <subfield code="e">author</subfield>
   </datafield>
   <datafield ind2=" " ind1=" " tag="720">
      <subfield code="a">Minguet Medina, Jorge</subfield>
      <subfield code="e">author</subfield>
   </datafield>
   <datafield ind2=" " ind1=" " tag="720">
      <subfield code="a">Carrasco Rodríguez, Francisco</subfield>
      <subfield code="e">author</subfield>
   </datafield>
   <datafield ind2=" " ind1=" " tag="260">
      <subfield code="c">2020-11</subfield>
   </datafield>
   <datafield ind2=" " ind1=" " tag="520">
      <subfield code="a">Esta experiencia educativa describe la utilización de estrategias de aprendizaje cooperativo en taller vertical para solventar algunos de los problemas detectados en la docencia de las asignaturas de Proyectos Arquitectónicos para abordar programas complejos emergentes de hábitat colectivo. El problema principal consiste en la carencia de “puentes conceptuales” entre los distintos programas académicos que a menudo limitan las posibilidades de intercambio entre ellos. Experiencias previas, que sincronizaban la docencia de asignaturas de distintos niveles, mostraron las virtudes de este tipo de estrategias para incentivar el aprendizaje entre alumnos pero desvelaron dificultades para su desarrollo dentro de la estructura horizontal actual de la docencia en Europa. El proceso de innovación docente aquí descrito muestra cómo la introducción del “juego de roles” permite atenuar ciertos problemas del trabajo en equipo del taller vertical, acelerando la toma de decisiones y mejorando los resultados.</subfield>
   </datafield>
   <datafield ind2=" " ind1=" " tag="520">
      <subfield code="a">This educational experience describes the use of cooperative learning strategies in a vertical workshop to solve some of the problems detected in the teaching of Architectural Projects subjects to address complex emerging programs of collective habitat. The main problem is found in the lack of “conceptual bridges" between the different academic programs that often limit the possibilities of exchange between them. Previous teaching experiences, synchronizing different levels of subjects, showed the strengths of this kind of strategies to encourage learning among students but revealed difficulties for development within the current horizontal structure of teaching in Europe. The teaching innovation experience described shows how the introduction of “role play” allows mitigating certain issues of teamwork in vertical workshops, speeding up decision-making and improving results.</subfield>
   </datafield>
   <datafield ind2=" " ind1=" " tag="520">
      <subfield code="a">Esta experiencia ha sido financiada por el programa de Proyectos de Innovación Educativa de la Universidad de Málaga (Vicerrectorado de PDI, convocatoria 2019-2021), con el Código PIE 19- 202, denominado “Taller Vertical Cooperativo para una Ciudad Saludable: Aprendizaje del proyecto arquitectónico de programas emergentes mediante el juego de roles en transversalidad vertical”.</subfield>
   </datafield>
   <datafield ind2=" " ind1=" " tag="520">
      <subfield code="a">Peer Reviewed</subfield>
   </datafield>
   <datafield tag="653" ind2=" " ind1=" ">
      <subfield code="a">Àrees temàtiques de la UPC::Arquitectura</subfield>
   </datafield>
   <datafield tag="653" ind2=" " ind1=" ">
      <subfield code="a">Àrees temàtiques de la UPC::Ensenyament i aprenentatge</subfield>
   </datafield>
   <datafield tag="653" ind2=" " ind1=" ">
      <subfield code="a">Architecture -- Study and teaching (Higher)</subfield>
   </datafield>
   <datafield tag="653" ind2=" " ind1=" ">
      <subfield code="a">Simulation games in education</subfield>
   </datafield>
   <datafield tag="653" ind2=" " ind1=" ">
      <subfield code="a">Service learning</subfield>
   </datafield>
   <datafield tag="653" ind2=" " ind1=" ">
      <subfield code="a">Vertical workshop</subfield>
   </datafield>
   <datafield tag="653" ind2=" " ind1=" ">
      <subfield code="a">Role play</subfield>
   </datafield>
   <datafield tag="653" ind2=" " ind1=" ">
      <subfield code="a">Educational innovation</subfield>
   </datafield>
   <datafield tag="653" ind2=" " ind1=" ">
      <subfield code="a">Taller vertical</subfield>
   </datafield>
   <datafield tag="653" ind2=" " ind1=" ">
      <subfield code="a">Juego de roles</subfield>
   </datafield>
   <datafield tag="653" ind2=" " ind1=" ">
      <subfield code="a">Innovación educativa</subfield>
   </datafield>
   <datafield tag="653" ind2=" " ind1=" ">
      <subfield code="a">Arquitectura -- Ensenyament universitari</subfield>
   </datafield>
   <datafield tag="653" ind2=" " ind1=" ">
      <subfield code="a">Jocs de simulació en l'ensenyament</subfield>
   </datafield>
   <datafield tag="653" ind2=" " ind1=" ">
      <subfield code="a">Aprenentatge servei</subfield>
   </datafield>
   <datafield ind2="0" ind1="0" tag="245">
      <subfield code="a">Taller vertical y juego de roles en el aprendizaje de programas arquitectónicos emergentes</subfield>
   </datafield>
   <datafield ind2="0" ind1="0" tag="245">
      <subfield code="a">Vertical workshop and role-playing in the learning of emerging architectural programs</subfield>
   </datafield>
</record></metadata></record></GetRecord></OAI-PMH>